00853nam a22002531 450000100060000000300080000600500170001400800390003103500190007003500180008904000410010704100130014808200180016110000330017924501040021226000630031630000350037949000320041450400430044665000210048965000440051065000150055470000300056923483BD-RjUL20211209000933.0140311r19501925enkb b 001 0 eng a(BD-RjUL)23548 a(OCoLC)273622 aDLCcODaWUdOCoLCdDLCdBD-RjULbeng1 aenghfre00a301bFEG 19501 aFebvre, Lucien ,d1878-1956.12aA geographical introduction to history /cby Lucien Febvre in collaboration with Lionel Bataillon.  aLondon :bRoutledge 7 kegan paul,c1925 [Impression 1950]. axxv, 388 p. :bmaps. ;c25 cm.1 aThe History of civilization aBibliography: p. [369]-370. and index. 0aHuman geography. 0aHuman beingsxEffect of environment on. 0aSociology.1 aBataillon, Lionel,d1891-